The African crisis (Record no. 83782)
[ view plain ]
| 000 -LEADER | |
|---|---|
| fixed length control field | 00688nam a2200169 a 4500 |
| 008 - FIXED-LENGTH DATA ELEMENTS--GENERAL INFORMATION | |
| fixed length control field | 120416s1992 ||||||||||||||||| || u |
| 050 ## - LIBRARY OF CONGRESS CALL NUMBER | |
| Classification number | HC 800 Nta |
| 100 ## - MAIN ENTRY--PERSONAL NAME | |
| Personal name | Ntalaja, Nzongola |
| 245 14 - TITLE STATEMENT | |
| Title | The African crisis |
| 246 ## - | |
| -- | the way out |
| 260 ## - PUBLICATION, DISTRIBUTION, ETC. | |
| Place of publication, distribution, etc. | Harare |
| Name of publisher, distributor, etc. | SAPES |
| Date of publication, distribution, etc. | 1992 |
| 350 ## - | |
| -- | 0.00 |
| 650 ## - SUBJECT ADDED ENTRY--TOPICAL TERM | |
| Topical term or geographic name entry element | ECONOMIC CRISIS--AFRICA |
| 650 #0 - SUBJECT ADDED ENTRY--TOPICAL TERM | |
| Topical term or geographic name entry element | ECONOMICS |
| 995 ## - | |
| -- | ANNEX COLLECTION (Main Library) |
| -- | 0.00 |
| -- | 730529 |
| -- | CBU-MAIN LIBRARY (Kitwe) |
| -- | 1 |
| -- | 2.75 |
| -- | HC 800 Nta |
| -- | 1 |
| -- | AVAILABLE |
| -- | 027621 |
| -- | Annex Low-Usage Collection |
| 995 ## - | |
| -- | ANNEX COLLECTION (Main Library) |
| -- | 0.00 |
| -- | 730520 |
| -- | CBU-MAIN LIBRARY (Kitwe) |
| -- | 1 |
| -- | 0.00 |
| -- | HC 800 Nta |
| -- | 2 |
| -- | AVAILABLE |
| -- | May 4, 2006 |
| -- | 024057 |
| -- | Annex Low-Usage Collection |
| 999 ## - | |
| -- | 83782 |
| -- | 83782 |
| Withdrawn status | Lost status | Source of classification or shelving scheme | Damaged status | Not for loan | Permanent Location | Current Location | Date acquired | Full call number | Barcode | Date last seen | Copy number | Price effective from | Koha item type | Shelving location | Total Checkouts |
|---|---|---|---|---|---|---|---|---|---|---|---|---|---|---|---|
| Withdrawn | CBU-MAIN LIBRARY, KITWE. | CBU-MAIN LIBRARY, KITWE. | 01/08/2024 | HC 800 Nta | 027621 | 01/08/2024 | 1 | 01/08/2024 | MONOGRAPH | ||||||
| CBU-MAIN LIBRARY, KITWE. | CBU-MAIN LIBRARY, KITWE. | 01/08/2024 | HC 800 Nta | 024057 | 01/08/2024 | 2 | 01/08/2024 | MONOGRAPH |